Statistics for 20 Upside-Down Countries on the World Map

Click here to take the quiz!

General Stats

  • This quiz has been taken 216 times
    (210 since last reset)
  • The average score is 19 of 20

Answers on the Map

Answers color-coded by a green-red scale on the quiz's map according to % correct below.
 

Answer Stats

Answer% Correct
Australia
99%
Chile
98%
Peru
98%
Iran
97%
Papua New Guinea
97%
Somalia
97%
Sudan
97%
United Kingdom
97%
Angola
96%
Japan
96%
Morocco
96%
Myanmar
96%
Cuba
92%
South Korea
92%
Nicaragua
89%
Philippines
89%
Ivory Coast
87%
Iceland
86%
Madagascar
86%
Ireland
85%

Score Distribution

Percentile by Number Answered

Percent of People with Each Score

Your Score History

You have not taken this quiz since the last reset